|
|
|
|
| LEADER |
00000nam a2200000 a 4500 |
| 001 |
vtls001266703 |
| 003 |
SK-MaSNL |
| 005 |
20260301234602.0 |
| 008 |
240315s1928 xr 0 cze |
| 035 |
|
|
|a SNK000217649
|
| 040 |
|
|
|a SNK
|b slo
|c SNK
|e AACR2
|
| 044 |
|
|
|a xr
|c CZ
|
| 100 |
1 |
|
|a Beneš, Stanislav
|4 aut
|9 377776
|
| 245 |
1 |
|
|a Adresář církve katolické v republice Československé
|b rok 1927 - 1928
|c Stanislav Beneš
|
| 260 |
|
|
|a Praha
|b Českoslov. akciové tisk.
|c 1928
|
| 300 |
|
|
|a 844 s.
|c 8°
|
| 999 |
|
|
|c 970798
|d 972728
|
| 952 |
|
|
|t P60, <03>, [BOOK], {603}
|a SNK
|b SNK
|y PREZ
|7 0
|o snkOSD 4642
|i snkK 1858/79
|0 0
|1 0
|4 0
|d 1996-11-19
|l 0
|r 2005-01-01 00:00:00
|w 2026-02-24
|
| 952 |
|
|
|t P60, <04>, [BOOK], {604}
|a SNK
|b SNK
|y VYP
|7 0
|p 17A0454029
|o snkOSD 4642 D1
|i snkF 3287/82
|0 0
|1 0
|4 0
|d 1996-11-19
|l 0
|r 2005-01-01 00:00:00
|w 2026-02-24
|